000 00774nam a22001937a 4500
999 _c196150
_d196150
005 20230713123006.0
010 _aB-751457-475 CHEN 25.5.23
020 _a9789353765712
_c295.00
035 _aB-751457-475
037 _bOm Books International
082 _a615
100 _aDarwin,Charles
245 _aOn The Origin Of Species By Means Of Natural Selection /
_cby Charles Darwin
260 _aNew Delhi
_bOm Books International
_c2022
270 _a107, Ansari Road, Darya Ganj, New Delhi
_bNew Delhi
_e110002
300 _a440p.
_c19cm(pbk)
942 _2ddc
_cCH
_mDAR
_h615